000 00476nam a2200181Ia 4500
001 19654
005 20260306172709.0
008 260306t2010||||xx |||||||||||||| ||spa||
041 _aESP
082 _a340.92
_bE92
100 _aEstalella del Pinto, Jordi
_eAUT
245 0 _aEl abogado eficaz:
_bcómo convencer, persuadir e influir en los juicios
260 _c2010
300 _a317 páginas :
_c24 cm.
650 _aGEN
654 _aCDE
942 _cLIB
_dJUS
_fJUS
_2ddc
_n
999 _c19654
_d19654